|
|
|
|
| LEADER |
00842nam a2200265 4500 |
| 001 |
DLU090070228 |
| 005 |
##20090526 |
| 040 |
# |
# |
|a DLU
|b eng
|
| 041 |
# |
# |
|a eng
|
| 044 |
# |
# |
|a UK
|
| 100 |
# |
# |
|a Doh, Jong Yoon.
|
| 245 |
# |
# |
|a The European Union and Asia - reflections and re-orientations, edited by P. Anderson and G. Wiessala :
|b book review /
|c Jong Yoon Doh .
|
| 653 |
# |
# |
|a Asia
|
| 653 |
# |
# |
|a European Union
|
| 653 |
# |
# |
|a Inter-regional economic cooperation
|
| 773 |
# |
# |
|t Journal of Common Market Studies
|g Vol. 46, no. 4 (September 2008), p. 906-907
|
| 920 |
# |
# |
|a Phòng Tạp chí -- Trung tâm Thông tin - Thư viện Trường Đại học Đà Lạt
|
| 994 |
# |
# |
|a DLU
|
| 900 |
# |
# |
|a True
|
| 911 |
# |
# |
|a Trương Bảo Trâm Anh
|
| 925 |
# |
# |
|a G
|
| 926 |
# |
# |
|a A
|
| 927 |
# |
# |
|a BB
|
| 980 |
# |
# |
|a Thư viện Trường Đại học Đà Lạt
|